000 00638nam a2200217Ii 4500
003 JO-AjNU
008 230606s9999||||xx |||||||||||||| ||und||
020 _a978-613-8-83378-9
040 _aJO-AjNU
_beng
_erda
_cJO-AjNU
041 _aeng
050 1 4 _aQA248.2019
100 3 _a Hasan, M.K.,
_eauthor
_96621
245 0 0 _aFuzzy Sets and Fuzzy Logic with Applications: Imprecision, Uncertainty and Vegueness
250 _a1ed
264 3 1 _aUSA: Scholars Press, 2019
300 _a318p
336 _atext
_btxt
_2rdacontent
337 _aunmediated
_bn
_2rdamedia
338 _avolume
_bnc
_2rdacarrier
650 4 _aFuzzy sets
_96622
999 _aE3437
_c3431
_d3431